Boss de Dark Souls 2 - Statistiques

Statistiques générales
  • Ce quiz a été pris 211 fois
  • Le résultat moyen est 16 sur 43
Statistiques - réponses
Hint Réponse % Correct
Forêt des Géants Défunts Le Dernier Géant
79%
Le Poursuivant
70%
Château de Drangleic Deux Monte-Dragons
60%
Vieux Roi de Fer
59%
Beffroi de la Lune Gargouilles du Beffroi
58%
Tour des Flammes de Heide Monte-Dragon
58%
Ravin Noir La Charogne
54%
Nashandra
54%
Aldia, Érudit du Premier Pêché
53%
Forteresse Oubliée Alessia, Ricce et Yahim, Sentinelles des Ruines
51%
Roi Vendrick
51%
Forteresse de Fer Démon Fondeur
50%
Passage de Fer Démon Fondeur
50%
Sanctuaire Draconique Dragon Ancien
48%
Éminence du Pêché Pêcheresse Oubliée
43%
Passage du Roi Chevalier-miroir
42%
Aiguille de Terre Démon Convoiteux
37%
Freja, la Protégée du Duc
37%
Tour de Brume Chevalier-Fumerolle
36%
Cathédrale Bleue Vieux Tueur de Dragons
36%
Bois de l'Ombre Najka, la Scorpide
33%
Quai de la Désolation Sentinelle Ondoyante
33%
Sanctuaire d'Amana Démone du Chant
32%
Crypte des Mort-Vivants Velstadt, l'Égide du Roi
31%
Sinh, le Dragon endormi
30%
Mytha, Reine Funeste
28%
Souvenir de Jeigh Seigneur Géant
28%
Bosquet des Chasseurs Seigneurs Squelettiques
26%
Eleum Loyce la Glaciale Aava, Créature du Roi
25%
Tombe des Saints Avant-garde du Roi Rat
25%
Purgatoire des Mort-Vivants Chariot du Bourreau
24%
Lisière Gelée Lud, Créature du Roi
24%
Forteresse d'Aldia Dragon Gardien
23%
Trône du Désir Défenseur du Trône
22%
Surveillant du Trône
21%
Portes de Pharros Recruteur du Roi Rat
20%
Ancien Chaos Roi d'Ivoire brûlé
20%
Gouffre Obscur Millénaire Rôdeur Sombre
18%
Zallen, Créature du Roi
18%
Repos du Dragon Elana, Reine Sordide
17%
Mémoire du Vieux Roi de Fer Sire Alonne
15%
Carrière de Vivepierre de Tseldora Mage rôdeur et sa Congrégation
9%
Grotte des Morts Pilleur de Tombes affaibli, Ancien Soldat Varg et Cerah l'Ancien Explorateur
8%
Aucun quiz correspondant
Distribution des résultats
% des personnes avec chaque résultat
Percentile par nombre de réponses
Votre historique - résultats
Vous n’avez pas pris ce quiz